Top 10 des communes de France par lettre - I - Statistiques

Statistiques générales
  • Ce quiz a été pris 97 fois
  • Le résultat moyen est 4 sur 10
Statistiques - réponses
Région/Collectivité Population Commune % Correct
Île-de-France 64.526 Ivry-sur-Seine
77%
Île-de-France 67.695 Issy-les-Moulineaux
76%
Provence-Alpes-Côte-d'Azur 44.044 Istres
76%
Centre-Val de Loire 10.953 Issoudun
50%
Auvergne-Rhône-Alpes 15.078 Issoire
49%
Grand Est 27.339 Illkirch-Graffenstaden
38%
Normandie 11.868 Ifs
18%
Île-de-France 10.571 Igny
16%
Grand Est 15.115 Illzach
10%
Centre-Val de Loire 9.838 Ingré
4%
Aucun quiz correspondant
Distribution des résultats
% des personnes avec chaque résultat
Percentile par nombre de réponses
Votre historique - résultats
Vous n’avez pas pris ce quiz